La comunicación de las existencias

محفوظ في:
التفاصيل البيبلوغرافية
المؤلف الرئيسي: Lepp, Ignace (مؤلف)
التنسيق: كتاب
اللغة:الإسبانية
منشور في: Buenos Aires Carlos Lohlé 1964
الموضوعات:
الوسوم: إضافة وسم
لا توجد وسوم, كن أول من يضع وسما على هذه التسجيلة!

MARC

LEADER 00000cam a2200000 a 4500
001 UCX4255
003 CL-VaPUC
008 920403e19640000AG |||||||||||||||||spa|d
082 0 4 |a 158.2  |b LEP  |2 21 
100 |a Lepp, Ignace  |e author  |9 588465 
245 1 3 |a La comunicación de las existencias 
300 |a 163 p 
942 |c BK 
945 |d 19920403 00:00:00 
260 |a Buenos Aires  |b Carlos Lohlé  |c 1964 
650 0 |a Relaciones humanas  |9 307340 
583 |a last modification  |c 20151103 12:51:17  |k Rodrigo Vera 
999 |c 224763  |d 224761 
952 |0 0  |1 2  |4 0  |6 158_200000000000000_LEP_1964  |7 0  |8 A  |9 221703  |a BIBTEO  |b BIBTEO  |d 2019-11-15  |i 2905647  |o 158.2 LEP 1964  |p 2905647  |r 2019-11-15  |w 2019-11-15  |x Descarte 2019  |y BK  |k ICR 
952 |0 0  |1 0  |4 0  |6 158_200000000000000_LEP_1964  |7 0  |8 P  |9 221704  |a BIBEDU  |b BIBEDU  |c BIBEDU_PB  |d 2019-11-15  |i 1504355  |o 158.2 LEP 1964  |p 1504355  |r 2024-01-25  |w 2019-11-15  |y BK  |k EDU 
952 |0 0  |1 0  |4 0  |6 158_200000000000000_LEP_1964  |7 0  |8 P  |9 221705  |a BIBEDU  |b BIBEDU  |c BIBEDU_PB  |d 2019-11-15  |i 1504479  |o 158.2 LEP 1964  |p 1504479  |r 2024-01-25  |w 2019-11-15  |y BK  |k EDU 
952 |0 0  |1 0  |3 erb  |4 0  |6 158_200000000000000_LEP_1964  |7 0  |8 P  |9 221706  |a BIBEDU  |b BIBEDU  |c BIBEDU_PB  |i 5210526  |o 158.2 LEP 1964  |p 5210526  |r 2024-01-25  |w 2019-11-15  |y BK  |z Catalogado en:20151106  |k EDU